000 03240nab a2200301 i 4500
003 BR-BrBNA
005 20260409075727.0
008 260409b2019 bl.qr|pooa||| 00| 0 eng |
040 _aBR-BrBNA
_beng
072 _aK50
100 _aViana, Lívia Cássia
100 _aMuñiz, Graciela Ines Bolzon de
100 _aMagalhães, Washington Luiz Esteves
100 _aAndrade, Alan Sulato de
100 _aNisgoski, Silvana
100 _aPotulski, Daniele Cristina
245 _aNanostructured Films Produced from the Bleached Pinus sp. Kraft Pulp
500 _aPublicação on-line; Bibliography p. 8-10 (53 ref.); 2 tables; 4 illus.; Summary (En)
520 _a ABSTRACT This study investigates the physical and mechanical properties of nanostructured films produced from Pinus sp. kraft pulp. To obtain the nanocellulose, the bleached kraft pulp was submitted to six different grinding regimes: two, five, ten, 20, 30, and 40 passes through the grinder. The influence of the number of passes was evaluated through the films’ physical and mechanical properties. The results show that the nanofibers reduced the thickness and considerably increased the density values of the fabricated films. The tensile strength increased more than 300% and the burst index was ten times higher in relation to normal papers. The more compact structure and lower porosity caused by the larger contact surface between nanofibers in the nanostructured films resulted in higher values of density, tensile strength, and burst resistance. Keywords: nanocellulose, grinder, mechanical properties, density, crystallinity index. Filmes Nanoestruturados Produzidos a partir de Polpa Kraft Branqueada de Pinus sp. RESUMO Este trabalho investiga as propriedades físicas e mecânicas de filmes nanoestruturados produzidos a partir da polpa kraft branqueada de Pinus sp. Para obter a nanocelulose, a polpa kraft branqueada foi submetida a seis diferentes intensidades de desfibrilação pelo moinho: dois, cinco, dez, 20, 30 e 40 passes. A influência do número de passes foi avaliada por meio das propriedades físicas e mecânicas dos filmes. Os resultados indicam que a presença de nanofibrilas reduziu a espessura e aumentou consideravelmente os valores de densidade dos filmes fabricados. Observou-se aumento da resistência à tração de 300% e o índice de ruptura foi dez vezes maior em relação aos papéis normais. A estrutura mais compacta e a menor porosidade causada pela maior superfície de contato entre as nanofibrilas nos filmes resultaram em maiores valores de densidade, resistência à tração e resistência à ruptura. Palavras-chave: nanocelulose, moinho, propriedades mecânicas, densidade, índice de cristalinidade.
650 _aCELULOSE
650 _aMOENDA
650 _aPROPRIEDADE MECÂNICA
650 _aPOLPA
773 0 _02929
_9347953
_dRio de Janeiro-RJ Instituto de Florestas - UFRRJ 1994
_o2025-0452
_tFloresta e Ambiente (Brazil)
_x1415-0980 / ISSN 2179-8087 0nline
_gv. 26(4) p. 1-10; (2019)
_wBR2026000327
856 _uhttps://www.scielo.br/j/floram/a/WQKykG5TVCXXSsfMz43cchQ/?format=pdf&lang=en
942 _cANA
999 _c341300
_d341300